[Event "SRI-ch (Women)"]
[Site "Colombo"]
[Date "2012.03.24"]
[Round "4"]
[White "Jayathilake, Mihirani"]
[Black "Kahanda, IDS"]
[Result "1/2-1/2"]
[WhiteElo "1698"]
[BlackElo "1632"]
[PlyCount "66"]
[EventDate "2012.03.23"]
[EventType "tourn"]
[EventRounds "11"]
[EventCountry "SRI"]
[SourceTitle "EXT 2013"]
[Source "ChessBase"]
[SourceDate "2012.11.22"]
[SourceVersion "1"]
[SourceVersionDate "2012.11.22"]
[SourceQuality "1"]

1. e4 e5 2. Nf3 Nc6 3. Bb5 a6 4. Ba4 Nf6 5. 0-0 Be7 6. Re1 0-0 7. c3 d6 8. h3 Nd7 9. d4 exd4 10. cxd4 Nb6 11. Bb3 Na5 12. Bc2 d5 13. e5 Be6 14. Qd3 g6 15. Bd2 Nac4 16. Bh6 Re8 17. b3 Na5 18. Qd2 Nc6 19. a3 f6 20. Nc3 Nd7 21. exf6 Bxf6 22. Ng5 Nxd4 23. Nxe6 Nxe6 24. Qxd5 Ndf8 25. Qf3 Nd4 26. Qd5+ Qxd5 27. Nxd5 Rxe1+ 28. Rxe1 Nxc2 29. Nxf6+ Kf7 30. Rc1 Nxa3 31. Bxf8 Rxf8 32. Nxh7 Rc8 33. Ng5+ Kf6 1/2-1/2

[Event "Ambalangoda Dhamso op 1st"]
[Site "Ambalangoda"]
[Date "2011.04.22"]
[Round "4"]
[White "Kahanda, IDS"]
[Black "Jayarathne, GATG"]
[Result "0-1"]
[WhiteElo "1583"]
[BlackElo "1677"]
[PlyCount "84"]
[EventDate "2011.04.21"]
[EventType "swiss"]
[EventRounds "9"]
[EventCountry "SRI"]
[SourceTitle "CBM 142 Extra"]
[Source "ChessBase"]
[SourceDate "2011.06.27"]
[SourceVersion "1"]
[SourceVersionDate "2011.06.27"]
[SourceQuality "1"]

1. d4 d5 2. c4 c6 3. Nc3 Nf6 4. Nf3 dxc4 5. e4 b5 6. e5 Nd5 7. a4 Nxc3 8. bxc3 e6 9. Ba3 Bxa3 10. Rxa3 Nd7 11. Qb1 a6 12. g3 Nb6 13. axb5 cxb5 14. Bg2 Nd5 15. Nd2 0-0 16. Ne4 Bd7 17. 0-0 h6 18. Nc5 a5 19. Rc1 Qc7 20. Rc2 Bc6 21. Rca2 Ra7 22. Be4 b4 23. cxb4 Nxb4 24. Ra1 Bxe4 25. Qxe4 Nd5 26. f4 g6 27. Rc1 c3 28. g4 Kh7 29. f5 Qe7 30. f6 Qc7 31. Na4 Rc8 32. Nc5 Qd8 33. h4 Qf8 34. h5 Rxc5 35. g5 Rb5 36. Rf1 Rb2 37. Qh4 Ne3 38. Rxc3 Nxf1 39. gxh6 Qxh6 40. hxg6+ fxg6 41. Qe4 Qh2+ 42. Kxf1 Qf2# 0-1